MAASAI MARA UNIVERSITY

LIBRARY CATALOGUE

Contact Us: +254 020 2685356/7 or 0774 057787

Box: 861-20500, NAROK, KENYA

Email: info@mmarau.ac.ke

_How does earth work? (Record no. 5817)

MARC details
000 -LEADER
fixed length control field 00403nam a2200133Ia 4500
008 - FIXED-LENGTH DATA ELEMENTS--GENERAL INFORMATION
fixed length control field 151021s9999 xx 000 0 und d
245 ## - TITLE STATEMENT
Title _How does earth work?
260 ## - PUBLICATION, DISTRIBUTION, ETC. (IMPRINT)
Place of publication, distribution, etc. USA Pearson Education, Inc. 2006
300 ## - PHYSICAL DESCRIPTION
Extent xxxi, 641p. : ills.
500 ## - GENERAL NOTE
General note includes glossary
650 ## - SUBJECT ADDED ENTRY--TOPICAL TERM
Topical term or geographic name as entry element _Physical geology and the process of science
700 ## - ADDED ENTRY--PERSONAL NAME
Personal name _Aurora Pun
980 ## - EQUIVALENCE OR CROSS-REFERENCE-SERIES STATEMENT--PERSONAL NAME/TITLE [LOCAL, CANADA]
Personal name ^d20110113 03:18:37^okilerai

No items available.

© 2016 Maasai Mara University.